حرب المياه في الشرق الأوسط / (Record no. 5683)

MARC details
000 -LEADER
fixed length control field 00490nam a22001937a 4500
005 - DATE AND TIME OF LATEST TRANSACTION
control field 20251108164159.0
008 - FIXED-LENGTH DATA ELEMENTS--GENERAL INFORMATION
fixed length control field 250721s1990 xx 000 0 ara d
082 14 - DEWEY DECIMAL CLASSIFICATION NUMBER
Classification number 327.16/طوق
100 1# - MAIN ENTRY--PERSONAL NAME
Personal name طوقان، عز الدين
245 10 - TITLE STATEMENT
Title حرب المياه في الشرق الأوسط /
264 ## - PRODUCTION, PUBLICATION, DISTRIBUTION, MANUFACTURE, AND COPYRIGHT NOTICE
Date of production, publication, distribution, manufacture, or copyright notice 1990.
300 ## - PHYSICAL DESCRIPTION
Extent 232ص
650 17 - SUBJECT ADDED ENTRY--TOPICAL TERM
Topical term or geographic name as entry element المياه
650 17 - SUBJECT ADDED ENTRY--TOPICAL TERM
Topical term or geographic name as entry element الإستعمار
650 17 - SUBJECT ADDED ENTRY--TOPICAL TERM
Topical term or geographic name as entry element العرب
650 17 - SUBJECT ADDED ENTRY--TOPICAL TERM
Topical term or geographic name as entry element إسرائيل
942 ## - ADDED ENTRY ELEMENTS (KOHA)
Source of classification or shelving scheme Dewey Decimal Classification
Koha item type Books
Holdings
حالة السحب حالة الفقدان مصدر التصنيف حالة التلف غير قابل للإعارة المكتبة الرئيسية المكتبة الحالية موقع الرف تاريخ التزويد الرقم المتسلسل Total Checkouts رقم الإستدعاء الباركود تاريخ آخر ظهور تاريخ الفاتورة نوع المادة (كوها)
    Dewey Decimal Classification     مكتبة الجويدة مكتبة الجويدة الإعارة 29/06/2015 510106   327.16/طوق PLD00334823 28/07/2025 29/06/2015 Books
    Dewey Decimal Classification     مكتبة النصر العامة مكتبة النصر العامة الإعارة 16/12/2014 510113   327.16/طوق PLD00312729 28/07/2025 16/12/2014 Books
    Dewey Decimal Classification     مكتبة النصر العامة مكتبة النصر العامة الإعارة 05/01/2015 3906.   327.16/طوق PLD00313428 28/07/2025 05/01/2015 Books
    Dewey Decimal Classification     مكتبة حمزة العامة مكتبة حمزة العامة الإعارة 02/02/2016 510108   327.16/طوق PLD00371131 28/07/2025 02/02/2016 Books
Implemented & Customized by: BBB with SCIT (Smart Chains for Information Technology)

Powered by Koha